000 00905nam a2200241 a 4500
001 BRCA_8035
005 20190320210115.0
008 250314s1903----enka###f##---#001-0#eng-#
041 _aeng
044 _aenk
050 4 _aNK2049
_b.S77 1903
100 1 _aStrange, Thomas Arthur
_919967
245 1 0 _aAn historical guide to French interiors, furniture, decoration, woodwork & allied arts during the last half of the seventeenth century
_bthe whole of the eighteenth century and the earlier part of the nineteenth
_cThomas Arthur Strange.
260 _aGran Bretaña
_bMcCorquodale & Co.
_c[1903]
300 _a1 v.
_bil., 400 láminas
_c30 cm.
500 _aEstado físico: lomo maltratado
500 _aY16
650 1 4 _aMuebles y decoración
_vFrancés
_919968
650 1 4 _aDecoración de interiores
_zFrancia
_919969
650 1 4 _aArte y diseño
_zFrancia
_919970
902 _aGFM
942 _2lcc
_cB
999 _c7704
_d7704